Network Theory analysis and synthesis (Record no. 215059)
[ view plain ]
| 000 -LEADER | |
|---|---|
| fixed length control field | 00701 a2200169 4500 |
| 003 - CONTROL NUMBER IDENTIFIER | |
| control field | Nust |
| 005 - DATE AND TIME OF LATEST TRANSACTION | |
| control field | 20221117142018.0 |
| 040 ## - CATALOGING SOURCE | |
| Transcribing agency | Nust |
| 082 ## - DEWEY DECIMAL CLASSIFICATION NUMBER | |
| Classification number | 621.31921,CHA |
| 100 ## - MAIN ENTRY--PERSONAL NAME | |
| Personal name | Chakrabarti,A. |
| 9 (RLIN) | 102912 |
| 245 ## - TITLE STATEMENT | |
| Title | Network Theory analysis and synthesis |
| Remainder of title | analysis and synthesis / |
| Statement of responsibility, etc. | Abhijit. Chakrabarti |
| 260 ## - PUBLICATION, DISTRIBUTION, ETC. | |
| Place of publication, distribution, etc. | New Delhi |
| Name of publisher, distributor, etc. | Dhanpat Rai & Co. |
| Date of publication, distribution, etc. | 2001 |
| 300 ## - PHYSICAL DESCRIPTION | |
| Extent | viii,519;p |
| 505 ## - FORMATTED CONTENTS NOTE | |
| Formatted contents note | Non-sinusoidal waveforms (Page-1), Initial consitions and transient response (Page-42), Laplace transformation and its application (Page-112), Network functions (Page-223), Two port network analysis (Page-275), |Network synthesis (Page-405). |
| 650 ## - SUBJECT ADDED ENTRY--TOPICAL TERM | |
| Topical term or geographic name entry element | Telecommunication Engineering |
| 942 ## - ADDED ENTRY ELEMENTS (KOHA) | |
| Source of classification or shelving scheme | |
| Koha item type | Book |
| Withdrawn status | Lost status | Source of classification or shelving scheme | Damaged status | Not for loan | Permanent Location | Current Location | Shelving location | Date acquired | Full call number | Barcode | Date last seen | Price effective from | Koha item type | Public note |
|---|---|---|---|---|---|---|---|---|---|---|---|---|---|---|
| Military College of Signals (MCS) | Military College of Signals (MCS) | General Stacks | 12/12/2016 | 621.31921,CHA | MCS32627 | 12/08/2016 | 12/12/2016 | Book | Almirah No.30, Shelf No.2 |
